Visualizzazione normale
Vista MARC
- Luisi Luciano
di Personal Name
Records bibliografici associati: 1
001 - CONTROL NUMBER
- control field: 30703
003 - CONTROL NUMBER IDENTIFIER
- control field: IT-RoPau
005 - DATE AND TIME OF LATEST TRANSACTION
- control field: 20140619121413.0
008 - FIXED-LENGTH DATA ELEMENTS
- fixed length control field: 140619|| aca||aabn | a|a d
040 ## - CATALOGING SOURCE
- Original cataloging agency: IT-RoPau
- Transcribing agency: IT-RoPau
100 ## - HEADING--PERSONAL NAME
- Personal name: Luisi Luciano
- Relator term: Autore musica
- Miscellaneous information: Codice autore musica SPICS: 4446
- Name of part/section of a work: Voodoo voodoo
670 ## - SOURCE DATA FOUND
- Source citation: Work cat.: (IT-RoPau)99026: AA.VV. 794, Spirito di vino